| 000 | 01125nam a2200253Ia 4500 | ||
|---|---|---|---|
| 003 | Ost | ||
| 005 | 20260507075111.0 | ||
| 008 | 260507s9999||||xx |||||||||||||| ||und|| | ||
| 020 | _a9957402314 | ||
| 040 | _cfsecg | ||
| 041 | _aara | ||
| 082 | _a330 | ||
| 100 |
_aكراجة، عبد الحليم _eمؤلف |
||
| 245 | 0 |
_aمبادئ الاقتصاد الكلي / _c عبد الحليم كراجة |
|
| 250 | _aطبعة 2 | ||
| 260 |
_aعمان: _bدار صفاء للنشر والتوزع, _c2001 |
||
| 300 |
_a197 صفحة؛ _bإيضاحات ؛ _c24 سم |
||
| 504 | _aببليوغرافيا:ص.197 | ||
| 520 | _aالناتج المحلي الإجمالي والدخل القومي،مكونات الناتج القومي:الطلب والعرض الكلي،الدخل التوازني،المضاعف،مشكلات الاقتصاد الكلية،النقود والبنوك،السياسات المالية | ||
| 653 | _aاقتصاد كلي | ||
| 700 |
_aالباشا، محمد وآخرون _eمؤلف ثانوي |
||
| 700 |
_aالعبادي، عبد الناصر _eمؤلف ثانوي |
||
| 942 | _cكتاب | ||
| 999 |
_c42907 _d42907 |
||